Quiz Beniju - Estadísticas

Estadísticas generales
  • Esta prueba ha sido intentada 11 veces
  • La puntuación promedio es 6 de 14
Estadísticas de respuestas
Pregunta Respuesta % Correcto
Cómo se llama su novia? Lucía
80%
Dónde nació? País Vasco
70%
Cuál es la carta que más odia? Ballesta
60%
Cuál de estos juegos NO ha jugado en stream/vídeos? Free Fire
50%
Cuál fue su primer mazo jugado en YouTube? Trío mosqueteras
50%
Cuando es su cumpleaños? 13 de Julio 2001
40%
Cuántos canales de Youtube tiene? 4
40%
Cual es su nombre real? Beñat Juarros Ugarte
40%
Cuando se hizo el septum (un piercing)? Enero 2020
40%
Cómo se llama su gato? Gato
40%
Cuando fue fichado por Team Queso? Marzo de 2018
30%
Cuál fue su primer clan de Clash Royale? (pregunta dificil) WNZ
30%
Cuándo subió su primer vídeo a YouTube? 15 de Mayo 2018
20%
Cuál es el animal que más miedo le da? Las avispas
20%
No se encontraron pruebas coincidentes
Distribución de puntuación
Porcentaje de gente con cada puntuación
Porcentaje por número respondido
Historial de tus puntuaciones
No has intentado esta prueba.